Phonk Songs By Yvetzal - Statistics

General Stats
  • This quiz has been taken 3 times
  • The average score is 3 of 31
Answer Stats
Phonk Song % Correct
Cataclysm
100%
Apocalypse
33%
Aurora
33%
Bioshock
33%
Bloodborne
33%
Respire
33%
Retribution
33%
Atonement
0%
Beyond The Cosmos
0%
Calamity
0%
Decapitation
0%
deceit.
0%
DECIMATION
0%
DECREPID
0%
Exodus
0%
Explode
0%
Feedback
0%
Havoc
0%
Levitate
0%
Miss The Rage
0%
Obliterate
0%
Overdrive
0%
Parallax
0%
PHXNK
0%
Psychosis
0%
Revocation
0%
Serenity
0%
SPIN THAT ROUND
0%
Strobe
0%
Suspect
0%
ZYDHRA
0%
No matching quizzes found
Score Distribution
Percent of People with Each Score
Percentile by Number Answered
Your Score History
You have not taken this quiz